[Event "St Veit op 42nd"]
[Site "St Veit"]
[Date "2023.07.13"]
[Round "7"]
[White "Wiedner, Robert"]
[Black "Schwab, Lukas"]
[Result "1/2-1/2"]
[WhiteElo "2037"]
[BlackElo "2195"]
[PlyCount "62"]
[EventDate "2023.07.08"]
[EventType "swiss"]
[EventRounds "9"]
[EventCountry "AUT"]
[SourceTitle "CBM 215 Extra"]
[Source "ChessBase"]
[SourceDate "2023.09.30"]
[SourceVersion "1"]
[SourceVersionDate "2023.09.30"]
[SourceQuality "1"]

1. Nf3 d5 2. d4 Nf6 3. g3 g6 4. Bg2 Bg7 5. 0-0 0-0 6. Re1 Nbd7 7. Nbd2 c5 8. c3 b6 9. h3 Bb7 10. Nf1 Ne4 11. Bf4 h6 12. N1h2 Kh7 13. Qd3 Qe8 14. Nd2 f5 15. Ndf1 e5 16. dxe5 Nxe5 17. Qc2 Rd8 18. Rad1 Qf7 19. Nf3 Rfe8 20. Nxe5 Bxe5 21. Bxe5 Rxe5 22. Nd2 Ree8 23. e3 Rd7 24. a3 Red8 25. Nf3 Qf6 26. Rc1 Rc7 27. h4 Kg7 28. Qe2 Rcd7 29. Red1 Nd6 30. Ne1 Ne4 31. Nf3 Nd6 1/2-1/2

[Event "AUT-chT2O 2223"]
[Site "Austria"]
[Date "2023.04.23"]
[Round "11.4"]
[White "Wiedner, Robert"]
[Black "Ruckschloss, Karol"]
[Result "1/2-1/2"]
[WhiteElo "2109"]
[BlackElo "2201"]
[PlyCount "80"]
[EventDate "2022.10.15"]
[EventType "team-tourn"]
[EventRounds "11"]
[EventCountry "AUT"]
[SourceTitle "EXT 2024"]
[Source "ChessBase"]
[SourceDate "2023.10.10"]
[SourceVersion "1"]
[SourceVersionDate "2023.10.10"]
[SourceQuality "1"]
[WhiteTeam "Mattersburg"]
[BlackTeam "Pamhagen"]
[WhiteTeamCountry "AUT"]
[BlackTeamCountry "AUT"]

1. Nf3 f5 2. d4 Nf6 3. Nc3 c6 4. Bg5 Qb6 5. Bxf6 exf6 6. Qc1 d5 7. e3 Bd6 8. Bd3 Be6 9. Ne2 g6 10. 0-0 0-0 11. b3 Qc7 12. c4 Qf7 13. Nf4 Bxf4 14. exf4 dxc4 15. bxc4 Nd7 16. Qc2 Nb6 17. Rac1 Rad8 18. Rfe1 Rfe8 19. Re3 Kg7 20. g3 Nc8 21. Qb2 Nd6 22. Nd2 b5 23. d5 cxd5 24. cxb5 d4 25. Re2 Bxa2 26. Rxe8 Nxe8 27. Ra1 Be6 28. b6 axb6 29. Qxb6 Qe7 30. Nf3 Bf7 31. Ra7 Rd7 32. Rxd7 Qxd7 33. Qxd4 Qc6 34. Qe3 Nd6 35. h4 Bd5 36. Nd4 Qc3 37. Nc2 Nf7 38. Bxf5 Qc4 39. Bd3 Qb3 40. Qd2 Ba8 1/2-1/2

[Event "AUT-chT2O 2223"]
[Site "Austria"]
[Date "2022.11.20"]
[Round "4.6"]
[White "Wiedner, Robert"]
[Black "Geroe, Leonhard"]
[Result "0-1"]
[WhiteElo "2109"]
[BlackElo "1902"]
[PlyCount "34"]
[EventDate "2022.10.15"]
[EventType "team-tourn"]
[EventRounds "11"]
[EventCountry "AUT"]
[SourceTitle "CBM 213 Extra"]
[Source "ChessBase"]
[SourceDate "2023.05.31"]
[SourceVersion "1"]
[SourceVersionDate "2023.05.31"]
[SourceQuality "1"]
[WhiteTeam "Mattersburg"]
[BlackTeam "Donaustadt"]
[WhiteTeamCountry "AUT"]
[BlackTeamCountry "AUT"]

1. c4 e6 2. d4 d5 3. Nc3 c6 4. e3 Nf6 5. Nf3 Nbd7 6. a3 Bd6 7. c5 Bc7 8. b4 e5 9. dxe5 Nxe5 10. Be2 0-0 11. Bb2 Re8 12. Qc2 Qe7 13. Rd1 Bg4 14. Nd4 Nc4 15. h3 Nxe3 16. fxe3 Bg3+ 17. Kf1 Qxe3 0-1

[Event "AUT-chT2O 2122"]
[Site "Austria"]
[Date "2022.04.03"]
[Round "11.1"]
[White "Wiedner, Robert"]
[Black "Dotzer, Lukas"]
[Result "0-1"]
[WhiteElo "2098"]
[BlackElo "2042"]
[PlyCount "86"]
[EventDate "2021.10.16"]
[EventType "team-tourn"]
[EventRounds "11"]
[EventCountry "AUT"]
[SourceTitle "EXT 2023"]
[Source "ChessBase"]
[SourceDate "2022.10.05"]
[SourceVersion "1"]
[SourceVersionDate "2022.10.05"]
[SourceQuality "1"]
[WhiteTeam "Mattersburg"]
[BlackTeam "Donaustadt"]
[WhiteTeamCountry "AUT"]
[BlackTeamCountry "AUT"]

1. c4 Nf6 2. Nc3 g6 3. g3 Bg7 4. Bg2 0-0 5. Nf3 d6 6. d4 Nc6 7. d5 Na5 8. Qd3 c5 9. 0-0 a6 10. Nd2 Ng4 11. b3 b5 12. Bb2 Ne5 13. Qe4 bxc4 14. bxc4 Rb8 15. Nd1 Bf5 16. Qf4 e6 17. h4 h6 18. Bc3 g5 19. hxg5 hxg5 20. Qe3 Naxc4 21. Nxc4 Nxc4 22. Qc1 e5 23. e4 Bd7 24. Be1 Nb6 25. Bd2 g4 26. Rb1 f5 27. Re1 Qf6 28. Ba5 Na4 29. exf5 Bxf5 30. Be4 Bh6 31. Qc2 Bd7 32. Bd3 Rxb1 33. Qxb1 Rf7 34. Re4 Bg5 35. Qc2 c4 36. Rxc4 Nc5 37. Be2 Bf5 38. Qb2 Be4 39. Bxg4 Bxd5 40. Rc3 Qh6 41. Kf1 Qh1+ 42. Ke2 Qe4+ 43. Ne3 Bxe3 0-1

[Event "AUT-chT2O 2122"]
[Site "Austria"]
[Date "2022.03.12"]
[Round "8.6"]
[White "Prager, Manfred"]
[Black "Wiedner, Robert"]
[Result "0-1"]
[WhiteElo "1896"]
[BlackElo "2098"]
[PlyCount "28"]
[EventDate "2021.10.16"]
[EventType "team-tourn"]
[EventRounds "11"]
[EventCountry "AUT"]
[SourceTitle "EXT 2024"]
[Source "ChessBase"]
[SourceDate "2023.10.10"]
[SourceVersion "1"]
[SourceVersionDate "2023.10.10"]
[SourceQuality "1"]
[WhiteTeam "Hietzing"]
[BlackTeam "Mattersburg"]
[WhiteTeamCountry "AUT"]
[BlackTeamCountry "AUT"]

1. e4 c5 2. Nf3 Nf6 3. e5 Nd5 4. c4 Nc7 5. Nc3 Nc6 6. b3 g6 7. Bb2 Bg7 8. Nb5 Ne6 9. d4 cxd4 10. Nbxd4 Nexd4 11. Nxd4 Qa5+ 12. Qd2 Qxe5+ 13. Be2 Nxd4 14. Rd1 Nf3+ 0-1

[Event "AUT-chT2O 2122"]
[Site "Austria"]
[Date "2021.10.17"]
[Round "2.6"]
[White "Iro, Christian"]
[Black "Wiedner, Robert"]
[Result "0-1"]
[WhiteElo "2081"]
[BlackElo "2098"]
[PlyCount "126"]
[EventDate "2021.10.16"]
[EventType "team-tourn"]
[EventRounds "11"]
[EventCountry "AUT"]
[SourceTitle "CBM 204 Extra"]
[Source "ChessBase"]
[SourceDate "2021.11.30"]
[SourceVersion "1"]
[SourceVersionDate "2021.11.30"]
[SourceQuality "1"]
[WhiteTeam "Wien Austria"]
[BlackTeam "Mattersburg"]
[WhiteTeamCountry "AUT"]
[BlackTeamCountry "AUT"]

1. e4 c5 2. Nf3 Nf6 3. Nc3 d5 4. exd5 Nxd5 5. Bc4 Nb6 6. Bb5+ Bd7 7. Bxd7+ Qxd7 8. 0-0 Nc6 9. d3 e6 10. Bf4 Be7 11. Ne5 Nxe5 12. Bxe5 0-0 13. Qg4 f6 14. Bf4 Rfd8 15. Rae1 e5 16. Qxd7 Rxd7 17. Be3 Rc8 18. f4 exf4 19. Rxf4 Bd6 20. Re4 Be5 21. Bf4 Bxc3 22. bxc3 c4 23. d4 Kf7 24. Kf2 Nd5 25. Bd2 Re7 26. Rxe7+ Nxe7 27. Rb1 Rc7 28. Bf4 Rd7 29. Rb5 Nd5 30. Bd2 Ke6 31. Rc5 Rc7 32. Rb5 b6 33. Rb1 Re7 34. Kf3 Kd6 35. a4 Kc6 36. Rb5 Re6 37. Rb1 a6 38. Rb2 h5 39. g3 g5 40. Rb1 Nc7 41. Rb4 Kd5 42. h4 a5 43. Rb1 g4+ 44. Kf2 Kc6 45. Bf4 Nd5 46. Bd2 Re4 47. Rb5 f5 48. Kf1 Re6 49. Kf2 Re7 50. Bg5 Re8 51. Bd2 Nf6 52. Be1 Ne4+ 53. Kf1 Nd6 54. Rb1 Re3 55. d5+ Kxd5 56. Rxb6 Rf3+ 57. Kg2 f4 58. gxf4 Nf5 59. Rb5+ Ke4 60. Bd2 Nxh4+ 61. Kg1 Rg3+ 62. Kf1 Nf3 63. Kf2 Rh3 0-1

[Event "AUT-chT2O 1920"]
[Site "Austria"]
[Date "2019.11.16"]
[Round "3.6"]
[White "Wiedner, Robert"]
[Black "Mayrhuber, Nikola"]
[Result "0-1"]
[WhiteElo "2113"]
[BlackElo "2000"]
[PlyCount "108"]
[EventDate "2019.10.19"]
[EventType "team-tourn"]
[EventRounds "11"]
[EventCountry "AUT"]
[SourceTitle "CBM 193 Extra"]
[Source "ChessBase"]
[SourceDate "2020.01.31"]
[SourceVersion "1"]
[SourceVersionDate "2020.01.31"]
[SourceQuality "1"]
[WhiteTeam "Mattersburg"]
[BlackTeam "Wien Ottakring"]
[WhiteTeamCountry "AUT"]
[BlackTeamCountry "AUT"]

1. d4 e6 2. Bf4 Nf6 3. e3 d5 4. c3 c5 5. Bd3 Nc6 6. Nd2 Qb6 7. Rb1 cxd4 8. exd4 Be7 9. Ngf3 Nh5 10. Be3 f5 11. Ne5 Nf6 12. 0-0 0-0 13. Ndf3 Ne4 14. Qc1 Bf6 15. Bf4 Qd8 16. Re1 Bd7 17. Nxc6 Bxc6 18. Be5 a6 19. Bxf6 Rxf6 20. Ne5 Rc8 21. f3 Nd6 22. Qg5 Bb5 23. Bc2 Nf7 24. Nxf7 Kxf7 25. Re5 Rg6 26. Qh5 Kg8 27. Qh3 Qg5 28. Rbe1 Qd2 29. a4 Bc4 30. b3 Qxc2 31. bxc4 Qxc3 32. cxd5 Qxd4+ 33. Kf1 Qd3+ 34. Kg1 Qd4+ 35. Kf1 Rc2 36. R5e2 Rxe2 37. Rxe2 Qd1+ 38. Kf2 Qd4+ 39. Kf1 Qd1+ 40. Kf2 Qxd5 41. Qh4 e5 42. Qe7 Re6 43. Qb4 e4 44. Qc3 h6 45. g3 Kh7 46. a5 Rc6 47. fxe4 fxe4 48. Qe1 Rf6+ 49. Kg1 Qd4+ 50. Kg2 Re6 51. Re3 Re5 52. h4 Qd5 53. Ra3 e3+ 54. Kh3 e2 0-1

[Event "AUT-ch Seniors 50"]
[Site "Deutschlandsberg"]
[Date "2019.04.29"]
[Round "2.1"]
[White "Wiedner, Robert"]
[Black "Zoedl, Heinrich"]
[Result "1/2-1/2"]
[WhiteElo "2193"]
[BlackElo "1947"]
[PlyCount "122"]
[EventDate "2019.04.28"]
[EventType "swiss"]
[EventRounds "7"]
[EventCountry "AUT"]
[SourceTitle "EXT 2024"]
[Source "ChessBase"]
[SourceDate "2023.10.10"]
[SourceVersion "1"]
[SourceVersionDate "2023.10.10"]
[SourceQuality "1"]

1. Nf3 f5 2. d3 Nf6 3. Bg5 d6 4. Nc3 e5 5. Nd5 Be7 6. Nxe7 Qxe7 7. d4 h6 8. Bxf6 Qxf6 9. e3 e4 10. Nd2 Be6 11. f4 Nd7 12. Qe2 Nb6 13. g4 Qh4+ 14. Qf2 Qxf2+ 15. Kxf2 0-0-0 16. gxf5 Bxf5 17. h4 Rde8 18. Rg1 Re7 19. Bb5 Nd5 20. Rg3 Nf6 21. Be2 h5 22. b4 Bg4 23. Bc4 Kd7 24. Nb3 b6 25. a4 Rb8 26. d5 c5 27. dxc6+ Kxc6 28. a5 d5 29. Nd4+ Kd6 30. Bb5 Rc7 31. Ba4 Rf7 32. c3 bxa5 33. bxa5 Rb2+ 34. Bc2 Rfb7 35. Rgg1 Rc7 36. Rgb1 Rxb1 37. Rxb1 Bd7 38. Rb3 Ng4+ 39. Ke2 Nh6 40. Kd2 Nf5 41. Nxf5+ Bxf5 42. Bd1 g6 43. Be2 Rc5 44. Rb5 Rxb5 45. Bxb5 Bd7 46. Bxd7 Kxd7 47. c4 Kd6 48. Kc3 Kc5 49. cxd5 Kxd5 50. Kb3 Kc5 51. a6 Kb5 52. Kc3 Kxa6 53. Kd4 Kb5 54. Kxe4 Kb4 55. f5 gxf5+ 56. Kxf5 a5 57. e4 a4 58. e5 a3 59. e6 a2 60. e7 a1Q 61. e8Q Qa5+ 1/2-1/2

[Event "AUT-ch Seniors 50"]
[Site "Deutschlandsberg"]
[Date "2018.04.26"]
[Round "5"]
[White "Wiedner, Robert"]
[Black "Vlasak, Reinhard"]
[Result "1-0"]
[WhiteElo "2163"]
[BlackElo "1938"]
[PlyCount "103"]
[EventDate "2018.04.22"]
[EventType "swiss"]
[EventRounds "7"]
[EventCountry "AUT"]
[SourceTitle "CBM 184 Extra"]
[Source "ChessBase"]
[SourceDate "2018.06.28"]
[SourceVersion "1"]
[SourceVersionDate "2018.06.28"]
[SourceQuality "1"]

1. Nf3 d5 2. c4 e6 3. e3 c5 4. d4 Nc6 5. Nc3 Nf6 6. dxc5 Bxc5 7. cxd5 exd5 8. Be2 d4 9. exd4 Nxd4 10. Nxd4 Qxd4 11. Bb5+ Bd7 12. Qe2+ Kf8 13. Be3 Qe5 14. Bxd7 Nxd7 15. Bxc5+ Nxc5 16. Qxe5 Nd3+ 17. Ke2 Nxe5 18. Rhd1 Re8 19. Kf1 f6 20. f4 Nc6 21. Rd7 Re7 22. Rad1 Kf7 23. Nb5 Rb8 24. g4 g6 25. Kf2 a6 26. Nc3 Rbe8 27. Kf3 Rxd7 28. Rxd7+ Re7 29. Rd6 Re6 30. Ne4 b6 31. Rd2 Ke7 32. g5 fxg5 33. Nxg5 Rf6 34. Nxh7 Rf5 35. Ng5 a5 36. Ke4 Nb4 37. a3 Na6 38. Rd4 Rb5 39. Rd2 Nc5+ 40. Kd5 Nb3+ 41. Kc4 Rb4+ 42. axb4 Nxd2+ 43. Kd3 Nf1 44. Nf3 Kf6 45. Ke2 Nxh2 46. Nxh2 g5 47. fxg5+ Kxg5 48. b5 Kf4 49. Kd3 Ke5 50. Kc4 Ke4 51. Nf1 Ke5 52. Ne3 1-0

[Event "AUT-chT2O 1718"]
[Site "Austria"]
[Date "2018.04.07"]
[Round "10.6"]
[White "Wiedner, Robert"]
[Black "Peyrer, Konstantin"]
[Result "1-0"]
[WhiteElo "2176"]
[BlackElo "2040"]
[PlyCount "79"]
[EventDate "2017.10.21"]
[EventType "team-tourn"]
[EventRounds "11"]
[EventCountry "AUT"]
[SourceTitle "EXT 2019"]
[Source "ChessBase"]
[SourceDate "2018.10.10"]
[SourceVersion "1"]
[SourceVersionDate "2018.10.10"]
[SourceQuality "1"]
[WhiteTeam "Mattersburg"]
[BlackTeam "Ottakring II"]
[WhiteTeamCountry "AUT"]
[BlackTeamCountry "AUT"]

1. Nf3 Nf6 2. c4 c5 3. d4 cxd4 4. Nxd4 g6 5. Nc3 Bg7 6. g3 0-0 7. Bg2 Nc6 8. 0-0 d6 9. Nc2 Nd7 10. Bd2 a5 11. Rc1 Nc5 12. b3 Nb4 13. Nxb4 axb4 14. Nd5 Rxa2 15. Bxb4 e6 16. Nc3 Ra8 17. Nb5 Ra6 18. Qc2 Qb6 19. Rfd1 Rd8 20. Bc3 Bxc3 21. Qxc3 Ra2 22. Bf3 Qa6 23. h4 e5 24. Bd5 Bg4 25. Bf3 Bf5 26. Ra1 Rxa1 27. Rxa1 Qb6 28. Bd5 Bd7 29. Qf3 Rf8 30. b4 Ne6 31. Ra5 Bc6 32. e3 Nc7 33. Nxc7 Qxc7 34. c5 Rc8 35. cxd6 Qd7 36. Rc5 Kg7 37. Bxc6 Rxc6 38. Rxe5 Qxd6 39. Re4 Rc1+ 40. Kh2 1-0

[Event "AUT-chT2O 1718"]
[Site "Austria"]
[Date "2018.02.25"]
[Round "9.1"]
[White "Trippold, Denise"]
[Black "Wiedner, Robert"]
[Result "0-1"]
[WhiteElo "2084"]
[BlackElo "2176"]
[PlyCount "68"]
[EventDate "2017.10.21"]
[EventType "team-tourn"]
[EventRounds "11"]
[EventCountry "AUT"]
[SourceTitle "EXT 2019"]
[Source "ChessBase"]
[SourceDate "2018.10.10"]
[SourceVersion "1"]
[SourceVersionDate "2018.10.10"]
[SourceQuality "1"]
[WhiteTeam "Baden Invest"]
[BlackTeam "Mattersburg"]
[WhiteTeamCountry "AUT"]
[BlackTeamCountry "AUT"]

1. Nf3 Nf6 2. c4 e6 3. g3 b6 4. Bg2 Bb7 5. 0-0 Be7 6. d4 0-0 7. Nc3 Ne4 8. Bd2 d6 9. d5 Nxd2 10. Qxd2 e5 11. e4 g6 12. Ne1 Bg5 13. Qc2 Bh6 14. Nd3 Nd7 15. b4 a5 16. a3 Qe7 17. Rfd1 f5 18. c5 dxc5 19. bxc5 Nxc5 20. exf5 Rxf5 21. d6 cxd6 22. Nd5 Qf7 23. Nxb6 Bxg2 24. Nxc5 Rf8 25. Nd3 Be4 26. Nc4 Rxf2 27. Qxf2 Qxc4 28. Qe2 Bf3 29. Qe1 Qc2 30. Nf2 Bxd1 31. Nxd1 Qc5+ 32. Kg2 Qd5+ 33. Kh3 Rf5 34. Nf2 Qf3 0-1

[Event "AUT-chT2O 1718"]
[Site "Austria"]
[Date "2018.02.24"]
[Round "8.6"]
[White "Wiedner, Robert"]
[Black "Rother, Moritz"]
[Result "0-1"]
[WhiteElo "2176"]
[BlackElo "2099"]
[PlyCount "78"]
[EventDate "2017.10.21"]
[EventType "team-tourn"]
[EventRounds "11"]
[EventCountry "AUT"]
[SourceTitle "EXT 2019"]
[Source "ChessBase"]
[SourceDate "2018.10.10"]
[SourceVersion "1"]
[SourceVersionDate "2018.10.10"]
[SourceQuality "1"]
[WhiteTeam "Mattersburg"]
[BlackTeam "Tschaturanga"]
[WhiteTeamCountry "AUT"]
[BlackTeamCountry "AUT"]

1. Nf3 Nf6 2. c4 c6 3. e3 d5 4. b4 Bg4 5. a4 e5 6. Qb3 Nbd7 7. Bb2 Bd6 8. c5 Bc7 9. d4 Bxf3 10. gxf3 a6 11. Nd2 Qe7 12. h4 0-0 13. a5 exd4 14. Bxd4 Be5 15. Qc3 Bxd4 16. Qxd4 Qe5 17. Nb3 Qf5 18. Qd1 Rfe8 19. Nd4 Qe5 20. Be2 Nf8 21. Qd3 Ne6 22. Rd1 Nxd4 23. Qxd4 Nd7 24. Qxe5 Rxe5 25. Rd4 Nf8 26. Rg4 h5 27. Rg3 Ne6 28. Kd2 Rd8 29. Rhg1 d4 30. e4 g6 31. Bc4 Nf4 32. Rxg6+ Nxg6 33. Rxg6+ Kf8 34. Rf6 Re7 35. Rf5 d3 36. Bb3 Rd4 37. Kc3 Red7 38. e5 d2 39. e6 Rd3+ 0-1

[Event "AUT-chT2O 1718"]
[Site "Austria"]
[Date "2018.01.13"]
[Round "6.5"]
[White "Wiedner, Robert"]
[Black "Ly, Daniel"]
[Result "1-0"]
[WhiteElo "2176"]
[BlackElo "2048"]
[PlyCount "79"]
[EventDate "2017.10.21"]
[EventType "team-tourn"]
[EventRounds "11"]
[EventCountry "AUT"]
[SourceTitle "EXT 2019"]
[Source "ChessBase"]
[SourceDate "2018.10.10"]
[SourceVersion "1"]
[SourceVersionDate "2018.10.10"]
[SourceQuality "1"]
[WhiteTeam "Mattersburg"]
[BlackTeam "Mostarrichi"]
[WhiteTeamCountry "AUT"]
[BlackTeamCountry "AUT"]

1. Nf3 c5 2. c4 Nf6 3. d4 cxd4 4. Nxd4 g6 5. Nc3 Bg7 6. g3 Nc6 7. Bg2 Ng4 8. e3 Nge5 9. b3 0-0 10. 0-0 Nxd4 11. exd4 Nc6 12. Be3 d6 13. Qd2 Bf5 14. h3 Re8 15. Kh2 h5 16. Rac1 Qd7 17. Ne2 Rad8 18. d5 Ne5 19. Nd4 a6 20. Nxf5 Qxf5 21. f4 Nd7 22. Qc2 Qxc2 23. Rxc2 b5 24. cxb5 axb5 25. a4 bxa4 26. bxa4 Ra8 27. Rc7 Nf6 28. Ba7 Bh6 29. a5 g5 30. f5 g4 31. h4 Kf8 32. Rb1 Bd2 33. Rb5 Rec8 34. Rxc8+ Rxc8 35. a6 Nd7 36. Rb2 Bc3 37. Rb7 Nc5 38. Bxc5 dxc5 39. d6 Be5 40. dxe7+ 1-0

[Event "AUT-chT2O 1516"]
[Site "Austria"]
[Date "2016.02.20"]
[Round "5.3"]
[White "Ernst, Michael"]
[Black "Wiedner, Robert"]
[Result "1-0"]
[WhiteElo "2163"]
[BlackElo "2197"]
[PlyCount "69"]
[EventDate "2015.10.17"]
[EventType "team-tourn"]
[EventRounds "11"]
[EventCountry "AUT"]
[SourceTitle "EXT 2017"]
[Source "ChessBase"]
[SourceDate "2016.10.25"]
[SourceVersion "1"]
[SourceVersionDate "2016.10.25"]
[SourceQuality "1"]
[WhiteTeam "Poechlarn"]
[BlackTeam "Mattersburg"]
[WhiteTeamCountry "AUT"]
[BlackTeamCountry "AUT"]

1. d4 Nf6 2. Bf4 d6 3. e3 g6 4. Nf3 Bg7 5. h3 Nbd7 6. Be2 c5 7. c3 0-0 8. 0-0 b6 9. Nbd2 Bb7 10. Bh2 Rc8 11. a4 a6 12. Bc4 Rc7 13. Qe2 Qa8 14. Rfe1 h6 15. Bb3 Ne4 16. Nxe4 Bxe4 17. Bc4 a5 18. Bd3 Bb7 19. e4 cxd4 20. Nxd4 Ne5 21. Bc2 Ba6 22. Nb5 Rc5 23. Bg3 Qc8 24. f4 Nd7 25. Bd3 Qb8 26. Bf2 Rcc8 27. Rac1 Nc5 28. Bc2 Bb7 29. Rcd1 Bc6 30. Qe3 Qb7 31. b4 axb4 32. cxb4 Ne6 33. Na3 Bd7 34. Rd3 Bb2 35. Bd1 1-0

[Event "AUT-chT2O 1516"]
[Site "Austria"]
[Date "2015.10.18"]
[Round "2.4"]
[White "Wiedner, Robert"]
[Black "Srienz, Christian"]
[Result "0-1"]
[WhiteElo "2197"]
[BlackElo "2219"]
[PlyCount "34"]
[EventDate "2015.10.17"]
[EventType "team-tourn"]
[EventRounds "11"]
[EventCountry "AUT"]
[SourceTitle "CBM 168 Extra"]
[Source "ChessBase"]
[SourceDate "2015.10.29"]
[SourceVersion "1"]
[SourceVersionDate "2015.10.29"]
[SourceQuality "1"]
[WhiteTeam "Mattersburg"]
[BlackTeam "Tschaturanga"]
[WhiteTeamCountry "AUT"]
[BlackTeamCountry "AUT"]

1. Nf3 Nf6 2. c4 e6 3. d4 c5 4. g3 cxd4 5. Nxd4 d5 6. cxd5 Qxd5 7. Qc2 Nc6 8. Nf3 Nb4 9. Qd1 Qxd1+ 10. Kxd1 Bd7 11. Bd2 Ne4 12. Be1 0-0-0 13. Kc1 Kb8 14. Ne5 Ba4 15. Nc3 Nxc3 16. bxc3 Nc2 17. Nxf7 Ba3+ 0-1

[Event "Graz op"]
[Site "Graz"]
[Date "2015.09.02"]
[Round "5"]
[White "Wiedner, Robert"]
[Black "Wegerer, Fred"]
[Result "1-0"]
[WhiteElo "2193"]
[BlackElo "2132"]
[PlyCount "72"]
[EventDate "2015.08.29"]
[EventType "swiss"]
[EventRounds "9"]
[EventCountry "AUT"]
[SourceTitle "EXT 2016"]
[Source "ChessBase"]
[SourceDate "2015.10.08"]
[SourceVersion "1"]
[SourceVersionDate "2015.10.08"]
[SourceQuality "1"]

1. Nf3 g6 2. c4 Bg7 3. Nc3 c5 4. g3 Nc6 5. Bg2 Rb8 6. 0-0 a6 7. d3 d6 8. Be3 Nd4 9. Rb1 Nh6 10. Bd2 Nxf3+ 11. Bxf3 Bh3 12. Re1 0-0 13. b4 b5 14. cxb5 cxb4 15. Rxb4 Nf5 16. e3 Bxc3 17. Bxc3 Rxb5 18. Rxb5 axb5 19. Qb3 Qd7 20. Rb1 Qa7 21. Qb2 e5 22. Bb4 Rc8 23. a3 h5 24. Rc1 Rc7 25. Rxc7 Qxc7 26. Qc3 Qxc3 27. Bxc3 Ng7 28. Bc6 Kf8 29. Bxb5 Ne6 30. f4 f6 31. Ba5 Ke7 32. Kf2 Nc5 33. d4 exd4 34. exd4 Ne4+ 35. Ke3 d5 36. Bb4+ Ke6 1-0

[Event "AUT-ch"]
[Site "Pinkafeld"]
[Date "2015.08.01"]
[Round "8"]
[White "Wiedner, Robert"]
[Black "Wertjanz, David"]
[Result "0-1"]
[WhiteElo "2193"]
[BlackElo "2253"]
[PlyCount "44"]
[EventDate "2015.07.25"]
[EventType "swiss"]
[EventRounds "9"]
[EventCountry "AUT"]
[SourceTitle "CBM 167 Extra"]
[Source "ChessBase"]
[SourceDate "2015.09.14"]
[SourceVersion "1"]
[SourceVersionDate "2015.09.14"]
[SourceQuality "1"]

1. Nf3 Nf6 2. c4 b6 3. g3 c5 4. Bg2 Bb7 5. Nc3 e6 6. 0-0 a6 7. d4 cxd4 8. Qxd4 d6 9. Rd1 Nbd7 10. Be3 Be7 11. Rac1 0-0 12. Ng5 Bxg2 13. Kxg2 Qc7 14. Qd3 Ne5 15. Qb1 Nxc4 16. Nce4 g6 17. Bd4 Nxe4 18. Nxe4 f5 19. b3 Qb7 20. bxc4 Rab8 21. Bxb6 Qc6 22. c5 dxc5 0-1

[Event "AUT-chT2O 1415"]
[Site "Austria"]
[Date "2015.03.07"]
[Round "10.6"]
[White "Wiedner, Robert"]
[Black "Penz, Harald"]
[Result "0-1"]
[WhiteElo "2183"]
[BlackElo "2321"]
[PlyCount "102"]
[EventDate "2014.10.18"]
[EventType "team-tourn"]
[EventRounds "11"]
[EventCountry "AUT"]
[SourceTitle "EXT 2016"]
[Source "ChessBase"]
[SourceDate "2015.10.08"]
[SourceVersion "1"]
[SourceVersionDate "2015.10.08"]
[SourceQuality "1"]
[WhiteTeam "Mattersburg"]
[BlackTeam "Hietzing/Ottakring"]
[WhiteTeamCountry "AUT"]
[BlackTeamCountry "AUT"]

1. Nf3 d5 2. e3 Nf6 3. b4 e6 4. a3 c5 5. bxc5 Bxc5 6. c4 0-0 7. Bb2 b6 8. cxd5 exd5 9. Be2 Ba6 10. Bxa6 Nxa6 11. 0-0 Bd6 12. Nc3 Nc5 13. Nb5 Bb8 14. Rb1 a6 15. Nbd4 Qd7 16. Ne2 Qe6 17. Bd4 Nfd7 18. Qc2 f6 19. Nh4 Qg4 20. Nf3 Qe6 21. Nc3 Ne4 22. a4 Bd6 23. Qa2 Nxc3 24. Bxc3 Rfc8 25. Nd4 Qf7 26. Nf5 Bf8 27. Bd4 g6 28. Ng3 Bc5 29. Ne2 Bxd4 30. Nxd4 Rc5 31. Rb2 Rac8 32. f4 f5 33. Nf3 h6 34. Qb1 Qe6 35. Qd3 Rc4 36. Nd4 Qd6 37. Ra1 Nc5 38. Qe2 Rxa4 39. Rab1 b5 40. g4 Kh7 41. gxf5 gxf5 42. Nxf5 Qg6+ 43. Ng3 Ne4 44. Kg2 Rg8 45. Qf3 h5 46. d3 Nf6 47. Kh1 h4 48. f5 Qg5 49. Rg1 Rg4 50. Rbg2 hxg3 51. Rxg3 Qh4 0-1